00443nam a2200121Ia 4500008004100000245004600041245007500087260000900162650001000171856004800181999001900229952007300248171211s9999 xx 000 0 und d aEntertainment Computing and Serious Games cMaic Masuch, Michael Kickmeier-Rust, Ralf Dörner, and Stefan Göbel c2016 xGAMES uhttp://down.ebook777.com/054/3319461516.pdf c348938d348938 001040aCLbCLd2017-12-11l0r2017-12-11 00:00:00w2017-12-11yCBE